A Textbook of Urology & Nephrology in Africa (Record no. 8043)

MARC details
000 -LEADER
fixed length control field 00502nam a22001937a 4500
003 - CONTROL NUMBER IDENTIFIER
control field OSt
005 - DATE AND TIME OF LATEST TRANSACTION
control field 20221017123644.0
008 - FIXED-LENGTH DATA ELEMENTS--GENERAL INFORMATION
fixed length control field 221017b ||||| |||| 00| 0 eng d
040 ## - CATALOGING SOURCE
Transcribing agency DNM
082 ## - DEWEY DECIMAL CLASSIFICATION NUMBER
Classification number WJ151 T314l 2002
100 ## - MAIN ENTRY--PERSONAL NAME
Personal name Eshleman, J. Lester
9 (RLIN) 16363
245 ## - TITLE STATEMENT
Title A Textbook of Urology & Nephrology in Africa
260 ## - PUBLICATION, DISTRIBUTION, ETC. (IMPRINT)
Place of publication, distribution, etc. USA;
Name of publisher, distributor, etc. Pennsylvania,
Date of publication, distribution, etc. 2002
300 ## - PHYSICAL DESCRIPTION
Extent 267p;Ill:30cm
504 ## - BIBLIOGRAPHY, ETC. NOTE
Bibliography, etc Index included
650 ## - SUBJECT ADDED ENTRY--TOPICAL TERM
Topical term or geographic name as entry element Urology
9 (RLIN) 2988
650 ## - SUBJECT ADDED ENTRY--TOPICAL TERM
Topical term or geographic name as entry element Nephrology
9 (RLIN) 16364
942 ## - ADDED ENTRY ELEMENTS (KOHA)
Source of classification or shelving scheme Other/Generic Classification Scheme
Koha item type Book Bank
Holdings
Withdrawn status Lost status Source of classification or shelving scheme Damaged status Not for loan Home library Current library Date acquired Source of acquisition Inventory number Total Checkouts Full call number Barcode Date last seen Koha item type
    Other/Generic Classification Scheme     MUST Main Library MUST Main Library 17/10/2022 Purchase 02/16701   WJ151 T314l 2002 2022-8022 17/10/2022 Book Bank
    Other/Generic Classification Scheme     MUST Main Library MUST Main Library 17/10/2022 Purchase 02/16703   WJ151 T314l 2002 2022-8023 17/10/2022 Book Bank
    Other/Generic Classification Scheme     MUST Main Library MUST Main Library 17/10/2022 Purchase 02/16705   WJ151 T314l 2002 2022-8024 17/10/2022 Book Bank
    Other/Generic Classification Scheme     MUST Main Library MUST Main Library 17/10/2022 Purchase 02/16656   WJ151 T314l 2002 2022-8025 17/10/2022 Book Bank
    Other/Generic Classification Scheme     MUST Main Library MUST Main Library 17/10/2022 Purchase 02/16665   WJ151 T314l 2002 2022-8026 17/10/2022 Book Bank
    Other/Generic Classification Scheme     MUST Main Library MUST Main Library 17/10/2022 Purchase 02/16698   WJ151 T314l 2002 2022-8027 17/10/2022 Book Bank